Kỹ năng hoạt động của đại biểu nhân dân : Hỏi & đáp

Giới thiệu những kỹ năng công tác cần thiết của người đại biểu nhân dân trong phạm vi cả nước và ở các cấp địa phương, cơ sở. Cung cấp những kiến thức thiết thực, bám sát pháp luật, dễ đọc, dễ hiểu, dễ vận dụng giúp đại biểu nh...

وصف كامل

محفوظ في:
التفاصيل البيبلوغرافية
المؤلف الرئيسي: Phạm, Phương Thảo
التنسيق: كتاب
اللغة:Undetermined
منشور في: Thành phố Hồ Chí Minh Tổng hợp Thành phố Hồ Chí Minh 2013
الموضوعات:
الوسوم: إضافة وسم
لا توجد وسوم, كن أول من يضع وسما على هذه التسجيلة!
Thư viện lưu trữ: Trung tâm Học liệu Trường Đại học Cần Thơ
LEADER 01226nam a2200217Ia 4500
001 CTU_193201
008 210402s9999 xx 000 0 und d
020 |c 80000 
082 |a 352.209597 
082 |b Th108 
100 |a Phạm, Phương Thảo 
245 0 |a Kỹ năng hoạt động của đại biểu nhân dân : 
245 0 |b Hỏi & đáp 
245 0 |c Phạm Phương Thảo 
260 |a Thành phố Hồ Chí Minh 
260 |b Tổng hợp Thành phố Hồ Chí Minh 
260 |c 2013 
520 |a Giới thiệu những kỹ năng công tác cần thiết của người đại biểu nhân dân trong phạm vi cả nước và ở các cấp địa phương, cơ sở. Cung cấp những kiến thức thiết thực, bám sát pháp luật, dễ đọc, dễ hiểu, dễ vận dụng giúp đại biểu nhân dân làm việc có hiệu quả, sâu sát với thực tiễn, chuyển tải những nỗi niềm và khát vọng của dân 
650 |a Public administration,Hành chính công 
910 |a Hải 
980 |a Trung tâm Học liệu Trường Đại học Cần Thơ